Statistiche per Quiz sul Gabon

Clicka qui per fare il quiz!

Statistiche generali

  • Questo quiz è stato fatto 230 volte
  • Il punteggio medio è 14 su 18

Statistiche sulle risposte

HintRisposta% Corretto
Paese dal quale il Gabon ha ottenuto l'indipendenza nel 1960Francia
97%
Lingua ufficialeFrancese
95%
Repubblica del Congo
95%
Paesi confinantiCamerun
94%
Golfo che bagna il GabonGolfo di {Guinea}
94%
Principale linea di latitudine che divide il paese a metàEquatore
93%
Stato insulare che si trova a 225 km a ovest del GabonSão Tomé e Principe
92%
Guinea Equatoriale
90%
CapitaleLibreville
82%
L'85% del territorio del Gabon è coperto da _____, il più alto di qualsiasi paese dopo il SurinameForeste
79%
Maggiore esportazione del paesePetrolio
78%
Quasi la metà delle esportazioni del Gabon viene spedita in questo paeseCina
73%
La battaglia del Gabon è stato l'unico conflitto significativo in Africa centrale in questa guerraSeconda guerra mondiale
70%
Il 25% della popolazione mondiale di questo primate si trova in GabonGorilla
65%
Presidente del Gabon tra il 1967 e il 2009 (Suggerimento: condivide il suo cognome con un tamburo afro-cubano)Omar {Bongo}
57%
Calciatore franco-gabonese che è stato nominato Calciatore Africano dell'anno CAF nel 2015Pierre-Emerick Aubameyang
52%
Seconda città più popolosa del GabonPort-{Gentil}
40%
Fiume che dà il nome a più della metà delle regioni del paeseO{gooué}
35%

Distribuzione punteggi

Percentile per numero di risposta

Percentuale di utenti per punteggio

I tuoi punteggi nel tempo

Non hai fatto questo quiz